书目信息 |
| 题名: |
中国学习思想史
|
|
| 作者: | 申国昌 , 史降云 著 | |
| 分册: | ||
| 出版信息: | 北京 科学出版社 2006 |
|
| 页数: | 345页 | |
| 开本: | 24cm | |
| 丛书名: | ||
| 单 册: | ||
| 中图分类: | G40-092 , B2 | |
| 科图分类: | ||
| 主题词: | 教育思想--思想史--研究--中国 , 哲学--中国 | |
| 电子资源: | ||
| ISBN: | 7-03-017572-7 | |
| 000 | 00925nam0 2200277 450 | |
| 001 | 1141168880 | |
| 005 | 20110929112759.14 | |
| 009 | 012004085301 | |
| 010 | @a7-03-017572-7@dCNY40.00 | |
| 100 | @a20061027d2006 em y0chiy0110 ea | |
| 101 | 0 | @achi |
| 102 | @aCN@b110000 | |
| 105 | @ay z 000yy | |
| 200 | 1 | @a中国学习思想史@Azhong guo xue xi si xiang shi@f申国昌, 史降云著@Fshen guo chang , shi jiang yun zhu |
| 210 | @a北京@c科学出版社@d2006 | |
| 215 | @a345页@d24cm | |
| 300 | @a本书得到山西师范大学出版基金资助 | |
| 330 | @a本书系统论述了中华民族自孔子以来两千年的学习思想,包括儒家、道家、法家、宋明理学、近现代学者等主流学派及非主流学派的学习思想。 | |
| 606 | 0 | @a教育思想@x思想史@x研究@y中国 |
| 606 | 0 | @a哲学@x中国 |
| 690 | @aG40-092@v4 | |
| 690 | @aB2@v4 | |
| 701 | 0 | @a申国昌@Ashen guo chang@4著 |
| 701 | 0 | @a史降云@Ashi jiang yun@4著 |
| 801 | 0 | @aCN@b110019@c20070805 |
| 905 | @a10447@dB2@eJY125 | |
| 中国学习思想史/申国昌, 史降云著.-北京:科学出版社,2006 |
| 345页;24cm |
| 本书得到山西师范大学出版基金资助 |
| ISBN 7-03-017572-7:CNY40.00 |
| 本书系统论述了中华民族自孔子以来两千年的学习思想,包括儒家、道家、法家、宋明理学、近现代学者等主流学派及非主流学派的学习思想。 |
| ● |
| 相关链接 |
|
|
|
|
正题名:中国学习思想史
索取号:B2/JY125
 
预约/预借
| 序号 | 登录号 | 条形码 | 馆藏地/架位号 | 状态 | 备注 |
| 1 | 7824618 | 278246186 | 学院路分馆/ [索取号:B2/JY125] | 在馆 | |
| 2 | 7824619 | 278246195 | 学院路分馆/ [索取号:B2/JY125] | 在馆 |